Interpretation of statutes
Saved in:
| 主要作者: | |
|---|---|
| 格式: | 图书 |
| 出版: |
Lucknow:
Eastern book company,
c2010.
|
| 版: | 5th ed. |
| 主题: | |
| 标签: |
添加标签
没有标签, 成为第一个标记此记录!
|
MARC
| LEADER | 00000nam a22000007a 4500 | ||
|---|---|---|---|
| 005 | 20260415091301.0 | ||
| 020 | |a 93502800768 |c TZS 23,22.29/= | ||
| 020 | |a 9789350280072 | ||
| 040 | |a MCCL |b eng. |e AACR 2nd rev. ed. | ||
| 082 | |a 348.02 SAR | ||
| 100 | |a Sarathi Vepa P. | ||
| 245 | |a Interpretation of statutes |c /Vepa P. Sarathi | ||
| 250 | |a 5th ed. | ||
| 260 | |a Lucknow: |b Eastern book company, |c c2010. | ||
| 300 | |a xlviii,568P.: |c 24 cm. | ||
| 546 | |a eng. | ||
| 650 | |a statute | ||
| 650 | |a Interpretation | ||
| 942 | |c BK | ||
| 999 | |c 12631 |d 12631 | ||